| 000 | 00661nam a2200229Ia 4500 | ||
|---|---|---|---|
| 003 | OSt | ||
| 005 | 20221007082004.0 | ||
| 006 | a|||||r|||| 00| 0 | ||
| 007 | ta | ||
| 008 | 221006b |||||||| |||| 00| 0 eng d | ||
| 024 | _a19,467 | ||
| 037 | _cTextual | ||
| 040 |
_aFLL _cFLL _beng |
||
| 041 |
_2eng _aeng |
||
| 082 | _aZ1v791:N, J4 | ||
| 100 |
_aJacobini H.B. _9116594 |
||
| 245 | 0 | _aStudy of the philosophy of international law as seen in works of latin American writers | |
| 260 |
_aThe Hague _bMartinus Nijhoff The _c1954 |
||
| 300 |
_a158p _ccm. |
||
| 942 |
_hZ1v791:N, J4 _cTEXL _2CC |
||
| 999 |
_c1164965 _d1164965 |
||